00535 2200193 4500001002100000005001500021035002000036007000300056008004100059020000600100082001300106084001900119100002700138245006200165250001100227260003500238300003200273650003600305INLIS00000000000205220260302090552 a0010-0326000001ta260302 g 0 ind  a- a297.3822 a297.3822 IMA b0 aIMAM BASHORI ASSAYUTHI1 aBIMBINGAN IBADAH SHALAT LENGKAP /cIMAM BASHORI ASSAYUTHI aCet. 1 aSurabaya :bMitra Ummat,c1998 a128 hlm :b- ;c14,5 x 20,5 aBIMBINGAN IBADAH SHALAT LENGKAP